000 01113cam a2200313 i 4500
001 18049189
003 EG-ScBUE
005 20260421112042.0
008 140227s2014 enka f bd 001 0 eng d
020 _a9780199658572
040 _aUKMGB
_beng
_erda
_cUKMGB
_dOCLCO
_dYDXCP
_dCDX
_dLTSCA
_dHEBIS
_dDLC
_dEG-ScBUE
082 0 4 _a572.8
_bMOL
_222
245 0 0 _aMolecular biology :
_bprinciples of genome function /
_cNancy L. Craig [and five others] ; with end of chapter questions by Deborah Zies and Claire Burns.
250 _aSecond edition.
264 1 _aOxford :
_bOxford University Press,
_c2014.
300 _axxxi, 912 pages :
_billustrations ;
_c28 cm
336 _2rdacontent
_atext
_btxt
337 _2rdamedia
_aunmediated
_bn
338 _2rdacarrier
_avolume
_bnc
500 _aIncludes glossary.
504 _aIncludes bibliographical references and index.
650 7 _aMolecular biology.
_2BUEsh
_938995
650 7 _aGenomes.
_2BUEsh
_918395
651 _2BUEsh
653 _bPPhrm
_cJune2015
_cJanuary2016
655 _vReading book
700 1 _aCraig, Nancy L.,
_eauthor.
942 _2ddc
_cBB
999 _c20052
_d20024